|
|
|
|
| LEADER |
00000nam2a2200000 4500 |
| 001 |
324071 |
| 005 |
20231102003631.0 |
| 035 |
|
|
|a (RuTPU)RU\TPU\book\349660
|
| 035 |
|
|
|a RU\TPU\book\348432
|
| 035 |
|
|
|a RU\TPU\book\349436
|
| 035 |
|
|
|a RU\TPU\book\349444
|
| 090 |
|
|
|a 324071
|
| 100 |
|
|
|a 20161006d1962 k y0rusy50 ca
|
| 101 |
0 |
|
|a rus
|
| 102 |
|
|
|a RU
|
| 105 |
|
|
|a a z 001zy
|
| 200 |
0 |
|
|a Вып. 3 (25) : Расчет экономической эффективности применения ПТМ
|f под ред. В. С. Коновалова
|
| 210 |
|
|
|d 1962
|
| 320 |
|
|
|a Библиогр. в конце ст.
|
| 461 |
|
1 |
|0 (RuTPU)RU\TPU\book\164893
|t Труды Всесоюзного научно-исследовательского института подъемно-транспортного машиностроения (ВНИИПТМАШ)
|o [сборник]
|f Всесоюзный научно-исследовательский институт подъемно-транспортного машиностроения (ВНИИПТМАШ)
|v Вып. 3 (25) : Расчет экономической эффективности применения ПТМ
|d 1960-
|
| 606 |
1 |
|
|a Подъемно-транспортные машины
|2 stltpush
|3 (RuTPU)RU\TPU\subj\49841
|9 68603
|
| 610 |
1 |
|
|a механизация
|
| 610 |
1 |
|
|a экономическая эффективность
|
| 610 |
1 |
|
|a внутризаводской транспорт
|
| 675 |
|
|
|a 621.86
|v 4
|
| 702 |
|
1 |
|a Коновалов
|b В. С.
|4 340
|
| 801 |
|
1 |
|a RU
|b 63413507
|c 20161107
|
| 801 |
|
2 |
|a RU
|b 63413507
|c 20200131
|g RCR
|
| 942 |
|
|
|c BK
|